Statistiken für Zu welchem Deutschrapper gehört dieser Song?

Klicken Sie hier um das Quiz zu spielen!

Allgemein

  • Dieses Quiz wurde 1.371 mal gespielt
    (1.369 seit der letzten Aktualisierung)
  • Das Durchschnittsergebnis liegt bei 20 aus 32

Antwortstatistiken

SongInterpret (Rapper)% Korrekt
NeymarCapital Bra, Ufo361
94%
Chabos wissen wer der Babo istHaftbefehl
85%
VermissenJuju, Henning May
81%
500 PSBonez MC, RAF Camora
80%
NuttöööSSIO
79%
SeñoritaKay One, Pietro Lombardi
78%
Haus am SeePeter Fox
78%
Tausend TattoosSido
75%
CasanovaBausa, Summer Cem
74%
SommergewitterPashanim
74%
110Capital Bra, Samra, Lea
71%
CataleyaSamra
71%
Erfolg ist kein GlückKontra K
69%
BläulichApache 207
67%
Hurra die Welt geht unterK.I.Z, Henning May
65%
AffalterbachShindy, Shirin David
65%
Jim Beam & VoddiAK Ausserkontrolle, Bonez MC
64%
SpätiGzuz
64%
KokainaMiami Yacine
59%
EmotionsUfo361
58%
MurcielagoKC Rebell, Summer Cem
55%
SehnsuchtT-Low, miksu, macloud
54%
Lambo Diablo GTCapo, Nimo
49%
UnendlichkeitCro
47%
JägerLuciano
45%
HabiboVeysel
45%
Für immer jungBushido, Karel Gott
43%
Ave MariaKollegah, Farid Bang
39%
Wie FalcoNimo, Ufo361, Yung Hurn
39%
Kein PlanLoredana, Mero
37%
UnterwegsKitschKrieg, Jamule
32%
AMGKool Savas, Alies
26%

Verteilung der Resultate

Perzentil nach korrekt beantworteten Fragen

Anzahl Personen mit jedem Resultat

Ihre Resultats-Entwicklung

Sie haben dieses Quiz seit der letzten Aktualisierung nicht gespielt